Statistics for Top Goalscorers in FIFA World Cup History

Click here to take the quiz!

General Stats

  • This quiz has been taken 98 times
    (41 since last reset)
  • The average score is 19 of 34

Answer Stats

RankPlayerNationGoals ScoredMatches PlayedTournaments% Correct
26thCristiano Ronaldo8222006 | 2010 | 2014 | 2018 | 2022
100%
4thLionel Messi13262006 | (2010) | 2014 | 2018 | 2022
100%
2ndRonaldo1519(1994) | 1998 | 2002 | 2006
100%
3rdGerd Müller14131970 | 1974
95%
1stMiroslav Klose16242002 | 2006 | 2010 | 2014
95%
6thPelé12141958 | 1962 | 1966 | 1970
95%
10thThomas Müller10192010 | 2014 | (2018) | (2022)
92%
6thKylian Mbappé12142018 | 2022
90%
26thHarry Kane8112018 | 2022
77%
26thNeymar8132014 | 2018 | 2022
77%
26thDiego Maradona8211982 | 1986 | (1990) | 1994
72%
26thRivaldo8141998 | 2002
72%
16thDavid Villa9122006 | 2010 | 2014
69%
16thEusébio961966
64%
4thJust Fontaine1361958
64%
10thGabriel Batistuta10121994 | 1998 | 2002
59%
10thGary Lineker10121986 | 1990
56%
16thRoberto Baggio9161990 | 1994 | 1998
54%
26thRudi Völler8151986 | 1990 | 1994
46%
16thChristian Vieri991998 | 2002
44%
8thJürgen Klinsmann11171990 | 1994 | 1998
44%
16thKarl-Heinz Rummenigge9191978 | 1982 | 1986
41%
16thJairzinho916(1966) | 1970 | 1974
38%
16thPaolo Rossi9141978 | 1982 | (1986)
36%
10thGrzegorz Lato10201974 | 1978 | 1982
33%
8thSándor Kocsis1151954
28%
16thUwe Seeler9211958 | 1962 | 1966 | 1970
28%
10thHelmut Rahn10101954 | 1958
26%
10thTeófilo Cubillas10131970 | 1978 | (1982)
21%
26thLeônidas851934 | 1938
18%
16thVavá9101958 | 1962
15%
16thAdemir961950
13%
26thGuillermo Stábile841930
13%
26thÓscar Míguez871950 | 1954
3%

Score Distribution

Percentile by Number Answered

Percent of People with Each Score

Your Score History

You have not taken this quiz since the last reset